| 000 | 00751nam a2200253Ia 4500 | ||
|---|---|---|---|
| 003 | OSt | ||
| 005 | 20220925224615.0 | ||
| 006 | a|||||r|||| 00| 0 | ||
| 007 | ta | ||
| 008 | 220923b |||||||| |||| 00| 0 eng d | ||
| 037 | _cGeneral Book | ||
| 040 |
_aRTL _cRTL _beng |
||
| 041 |
_2eng _aeng |
||
| 082 | _aY, L4 | ||
| 100 |
_aPelz Werner _9291299 |
||
| 245 | 0 |
_aScope of understanding in sociology _b Towards a mor |
|
| 260 |
_aLondon _bRoutledge and Kegan Paul _c1974 |
||
| 300 |
_axi, 283p _ccm. |
||
| 490 | _aInternational Library of Sociology. Ed by John Rex | ||
| 500 | _aBibliography P 267-74; Appendix P 259-62 | ||
| 650 | _aEssays Sociology | ||
| 942 |
_hY, L4 _cGB _2CC |
||
| 999 |
_c581831 _d581831 |
||